000 00547nam a2200193Ia 4500
008 101110s9999 xx 000 0 und d
041 _aENGLISH
082 _bSR18283
100 _aKishnadwalla V.H.
245 _aAccountancy & Fin. Management ( S.Y.B.Com.) 3rd rev.ed.
365 _b63
520 _aCommerce
546 _aENGLISH
630 _aAccountancy & Fin. Management ( S.Y.B.Com.) 3rd rev.ed.
650 _aCommerce
655 _aCommerce
730 _aAccountancy & Fin. Management ( S.Y.B.Com.) 3rd rev.ed.
942 _cBOOK
999 _c811805
_d811802